Un juez en los infiernos : Benjamín Vicuña Mackenna /

En la presente biografía, que puede entenderse también como una serie de ensayos, el historiador Manuel Vicuña analiza con claridad y sutileza al hombre que encarnó con inusitada energía el phatos nacional decimonónico, logrando irradiar desde el personaje el entramado dramático de una época de cime...

Full description

Bibliographic Details
Main Author: Vicuña Urrutia, Manuel 1970-
Format: Libro
Language:Spanish
Published: Santiago Universidad Diego Portales 2009
Series:Vidas ajenas
Subjects:
Online Access:

MARC

LEADER 00000cam a2200000 a 4500
001 022592
003 UAHC_CL
005 20170803122136.0
008 111018s2009 cl 000 spa
020 |a 9789563140743 
040 |a UAHC_CL  |c UAHC_CL  |d UAHC_CL 
082 0 4 |a 928.61  |b V647  |2 21 
100 1 |a Vicuña Urrutia, Manuel  |d 1970- 
245 1 3 |a Un juez en los infiernos :  |b Benjamín Vicuña Mackenna /  |c Manuel Vicuña. 
260 |b Universidad Diego Portales  |a Santiago  |c 2009 
300 |a 243 p. 
490 0 |a Vidas ajenas 
520 |a En la presente biografía, que puede entenderse también como una serie de ensayos, el historiador Manuel Vicuña analiza con claridad y sutileza al hombre que encarnó con inusitada energía el phatos nacional decimonónico, logrando irradiar desde el personaje el entramado dramático de una época de cimentación de la República. 
600 1 4 |a VICUÑA MACKENNA, BENJAMIN  |y 1831-1886 
650 4 |a HISTORIADORES  |x BIOGRAFIAS  |z CHILE 
653 |a COMPLEMENTARIA 
900 |a 928.61 VIC 
942 |c BK 
952 |0 0  |1 0  |4 0  |6 928_610000000000000_VIC  |7 0  |8 General  |9 44950  |a BC  |b BC  |c General  |d 2017-08-03  |l 0  |o 928.61 VIC  |p 1392556  |r 2026-01-13 00:00:00  |t 1  |w 2017-08-03  |y BK 
999 |c 22592  |d 22592